000 00309nam a22001457a 4500
008 210531b ||||| |||| 00| 0 eng d
020 _a9780321179746
041 _aeng
080 _a371
082 _a371
100 _a46
101 _aEDU
245 _aAcademic Writing
_cMulvaney,M.K
942 _2udc
_cBK
999 _c57873
_d57873